The big nine (Record no. 114451)
[ view plain ]
| 000 -LEADER | |
|---|---|
| fixed length control field | 01145cad a22002055a 4500 |
| 001 - CONTROL NUMBER | |
| control field | L156855 |
| 008 - FIXED-LENGTH DATA ELEMENTS--GENERAL INFORMATION | |
| fixed length control field | 120720s2012 xxkad f s 000 0 eng d |
| 035 ## - SYSTEM CONTROL NUMBER | |
| System control number | (Sirsi) u156855 |
| 041 0# - LANGUAGE CODE | |
| Language code of text/sound track or separate title | eng |
| 110 2# - MAIN ENTRY--CORPORATE NAME | |
| Corporate name or jurisdiction name as entry element | GVA |
| 9 (RLIN) | 5945 |
| 245 04 - TITLE STATEMENT | |
| Title | The big nine |
| Remainder of title | quarterly review of the regional office occupier markets Q2 2012 |
| Medium | [electronic resource] |
| 260 ## - PUBLICATION, DISTRIBUTION, ETC. | |
| Place of publication, distribution, etc. | [S.l.] |
| Name of publisher, distributor, etc. | GVA |
| Date of publication, distribution, etc. | 2012 |
| 490 #0 - SERIES STATEMENT | |
| Series statement | GVA Big Nine Quarterly Review of the Regional Office Occupier Markets |
| Volume/sequential designation | Q2 2012 |
| 520 ## - SUMMARY, ETC. | |
| Summary, etc. | Business confidence has continued to affect activity in Q2 and this is reflected in below average take-up in most of the survey cities. Enquiry levels are holding up in many cases but there is a healthy supply of good space in the market and little pressure on occupiers to commit. Improved activity is anticipated in H2 2012. Covers city centre and out-of-town markets in Birmingham, Bristol, Cardiff, Edinburgh, Glasgow, Leeds, Liverpool , Manchester, and Newcastle. |
| 590 ## - LOCAL NOTE (RLIN) | |
| Local note | NTK KA |
| 651 #4 - SUBJECT ADDED ENTRY--GEOGRAPHIC NAME | |
| Geographic name | United Kingdom |
| 690 ## - LOCAL SUBJECT ADDED ENTRY--TOPICAL TERM (OCLC, RLIN) | |
| Topical term or geographic name as entry element | Commercial property |
| 9 (RLIN) | 6227 |
| 856 40 - ELECTRONIC LOCATION AND ACCESS | |
| Uniform Resource Identifier | <a href="https://www.gva.co.uk/research/offices/">https://www.gva.co.uk/research/offices/</a> |
| Public note | View the report at www.gva.co.uk |
| 942 ## - ADDED ENTRY ELEMENTS (KOHA) | |
| Suppress in OPAC | 0 |
| Withdrawn status | Lost status | Source of classification or shelving scheme | Damaged status | Not for loan | Home library | Current library | Shelving location | Date acquired | Total Checkouts | Full call number | Barcode | Date last seen | Copy number | Price effective from | Koha item type |
|---|---|---|---|---|---|---|---|---|---|---|---|---|---|---|---|
| Dewey Decimal Classification | Virtual | Virtual | Online | 20/07/2012 | ONLINE PUBLICATION | 156855-2001 | 06/08/2019 | 1 | 06/08/2019 | Book |